[Event "Santa Cruz op 8th"]
[Site "Santa Cruz"]
[Date "2024.01.11"]
[Round "2"]
[White "Machaca Paniagua, Leinier Lionel"]
[Black "Mendoza, Samantha D"]
[Result "1/2-1/2"]
[WhiteElo "1264"]
[BlackElo "1622"]
[PlyCount "27"]
[EventDate "2024.01.11"]
[EventType "swiss"]
[EventRounds "7"]
[EventCountry "BOL"]
[SourceTitle "CB04_2024"]
[SourceDate "2023.10.16"]
[SourceVersion "1"]
[SourceVersionDate "2023.10.16"]
[SourceQuality "1"]

1. d4 Nf6 2. c4 g6 3. Nf3 Bg7 4. g3 d6 5. Nc3 Nc6 6. Bg2 0-0 7. 0-0 Re8 8. d5 Ne5 9. Nxe5 dxe5 10. e4 Bg4 11. f3 Bd7 12. b4 Qc8 13. Bb2 Bh6 14. Ne2 1/2-1/2

[Event "BOL-ch (Women)"]
[Site "Santa Cruz"]
[Date "2022.05.22"]
[Round "6"]
[White "Mendoza, Samantha D"]
[Black "Molina, Jessica"]
[Result "0-1"]
[WhiteElo "1702"]
[BlackElo "1871"]
[PlyCount "78"]
[EventDate "2022.05.19"]
[EventType "tourn"]
[EventRounds "7"]
[EventCountry "BOL"]
[SourceTitle "EXT 2023"]
[Source "ChessBase"]
[SourceDate "2022.10.05"]
[SourceVersion "1"]
[SourceVersionDate "2022.10.05"]
[SourceQuality "1"]

1. e4 c6 2. d4 d5 3. e5 Bf5 4. Bd3 Bxd3 5. Qxd3 e6 6. f4 Ne7 7. Nf3 Qa5+ 8. Bd2 Qa6 9. Qxa6 Nxa6 10. 0-0 c5 11. Na3 Nc6 12. Nb5 cxd4 13. Nfxd4 Nxd4 14. Nxd4 Bc5 15. c3 Bxd4+ 16. cxd4 Rc8 17. Rac1 Kd7 18. f5 Rxc1 19. fxe6+ fxe6 20. Rxc1 Rc8 21. Rxc8 Kxc8 22. Kf2 Kd7 23. h4 Nb8 24. b4 Kc6 25. a4 a6 26. Bg5 Kd7 27. Bd2 Nc6 28. Ke3 Ne7 29. g4 Nc8 30. b5 axb5 31. axb5 Ne7 32. b6 Nc8 33. Ba5 Kc6 34. Kf4 Nxb6 35. Kg5 Kb5 36. Bc3 Kc4 37. Ba1 Nd7 38. Kh5 Kb3 39. g5 b5 0-1

[Event "BOL-ch (Women)"]
[Site "Santa Cruz"]
[Date "2022.05.20"]
[Round "3"]
[White "Mendoza, Samantha D"]
[Black "Cordero, Daniela"]
[Result "1/2-1/2"]
[WhiteElo "1702"]
[BlackElo "2037"]
[PlyCount "126"]
[EventDate "2022.05.19"]
[EventType "tourn"]
[EventRounds "7"]
[EventCountry "BOL"]
[SourceTitle "EXT 2023"]
[Source "ChessBase"]
[SourceDate "2022.10.05"]
[SourceVersion "1"]
[SourceVersionDate "2022.10.05"]
[SourceQuality "1"]

1. e4 e6 2. d4 d5 3. e5 c5 4. c3 Nc6 5. Nf3 Qb6 6. Be2 Bd7 7. 0-0 Rc8 8. Kh1 Nge7 9. Na3 cxd4 10. cxd4 Nb4 11. g4 f6 12. exf6 gxf6 13. g5 Bg7 14. gxf6 Bxf6 15. Bg5 Bxg5 16. Nxg5 Nf5 17. Bh5+ Ke7 18. Nf3 Nc6 19. Nc2 Qxb2 20. Rb1 Qxa2 21. Rxb7 Nd8 22. Nb4 Qa5 23. Rxd7+ Kxd7 24. Ne5+ Ke7 25. Qd2 Qb6 26. Qg5+ Kd6 27. Qf6 Qxb4 28. Qxh8 Qxd4 29. Nf7+ Ke7 30. Ne5 Rc2 31. Qe8+ Kd6 32. Nf3 Qb6 33. Qh8 Nc6 34. Ng5 Qd4 35. Qf8+ Nfe7 36. Nxh7 Qe4+ 37. Qf3 Qxh7 38. Qa3+ Kd7 39. Qb3 Qxh5 40. Qxc2 Qf3+ 41. Kg1 Nf5 42. Rb1 Nfd4 43. Qh7+ Kd6 44. Rb7 Qd1+ 45. Kg2 Qg4+ 46. Kf1 Qe2+ 47. Kg1 Qe1+ 48. Kg2 Qe4+ 49. Qxe4 dxe4 50. h4 Nf5 51. h5 a5 52. Rb5 e5 53. Kh3 Ke6 54. Kg4 Kf6 55. Rb3 Nd6 56. Ra3 Nb5 57. Re3 a4 58. Rxe4 a3 59. Ra4 Ncd4 60. Ra6+ Kg7 61. Kg5 Nf3+ 62. Kf5 Nd2 63. Kxe5 Nc3 1/2-1/2

[Event "Amazons Pride Blitz"]
[Site "Chess.com INT"]
[Date "2021.10.23"]
[Round "9"]
[White "Kagwiria, Francisca"]
[Black "Mendoza, Samantha D"]
[Result "0-1"]
[WhiteElo "1235"]
[BlackElo "1736"]
[PlyCount "86"]
[EventDate "2021.10.23"]
[EventType "swiss (blitz)"]
[EventRounds "9"]
[EventCountry "USA"]
[SourceTitle "CBM 204 Extra"]
[Source "ChessBase"]
[SourceDate "2021.11.30"]
[SourceVersion "1"]
[SourceVersionDate "2021.11.30"]
[SourceQuality "1"]

1. e4 e5 2. Bc4 Nf6 3. Nf3 Nc6 4. d4 d6 5. dxe5 Nxe5 6. Nxe5 dxe5 7. Qxd8+ Kxd8 8. Bg5 Ke8 9. Bxf6 gxf6 10. Nc3 c6 11. 0-0-0 Bc5 12. f3 Ke7 13. a3 Rg8 14. g3 f5 15. Na4 Be3+ 16. Kb1 b5 17. Rd3 f4 18. gxf4 exf4 19. Bxb5 cxb5 20. Nc3 Be6 21. Rhd1 a6 22. Nd5+ Bxd5 23. Rxd5 Rad8 24. Re5+ Kf6 25. Rf5+ Kg6 26. Rh1 f6 27. h4 Kf7 28. h5 Rg5 29. Rxg5 fxg5 30. c3 h6 31. Kc2 Rd2+ 32. Kb3 Ke6 33. Ka2 a5 34. Kb1 b4 35. cxb4 axb4 36. axb4 Rd4 37. Kc2 Rxb4 38. Rd1 Rb6 39. Rd5 Rc6+ 40. Kb3 g4 41. fxg4 f3 42. Rd1 f2 43. Rf1 Rc1 0-1

[Event "Olympiad Women-43"]
[Site "Batumi"]
[Date "2018.09.30"]
[Round "6.54"]
[White "Mendoza, Samantha D"]
[Black "Meddeb, Chadha"]
[Result "1-0"]
[WhiteElo "1763"]
[BlackElo "1619"]
[PlyCount "57"]
[EventDate "2018.09.24"]
[EventType "team-swiss"]
[EventRounds "11"]
[EventCountry "GEO"]
[SourceTitle "EXT 2020"]
[Source "ChessBase"]
[SourceDate "2019.10.17"]
[SourceVersion "1"]
[SourceVersionDate "2019.10.17"]
[SourceQuality "1"]
[WhiteTeam "Bolivia (W)"]
[BlackTeam "Tunisia (W)"]
[WhiteTeamCountry "BOL"]
[BlackTeamCountry "TUN"]

1. e4 d5 2. exd5 Qxd5 3. Nc3 Qd6 4. d4 Nf6 5. Nf3 a6 6. a4 Nbd7 7. Be2 e6 8. 0-0 c5 9. Re1 Be7 10. g3 0-0 11. Bf4 Qb6 12. a5 Qc6 13. Ne5 Nxe5 14. Bxe5 cxd4 15. Bf3 Nd5 16. Nxd5 exd5 17. Qxd4 Bc5 18. Qxd5 Qxd5 19. Bxd5 Rd8 20. c4 Kf8 21. Bc3 Ra7 22. b4 Be7 23. Bxg7+ Kxg7 24. Rxe7 Rd7 25. Rxd7 Bxd7 26. Re1 Kf6 27. Re4 Bf5 28. Re8 Bd3 29. Rc8 1-0

[Event "BOL-ch (Women)"]
[Site "Sucre"]
[Date "2016.06.13"]
[Round "9"]
[White "Mendoza, Samantha D"]
[Black "Soruco, Valerie"]
[Result "1-0"]
[WhiteElo "1779"]
[BlackElo "1522"]
[PlyCount "69"]
[EventDate "2016.06.09"]
[EventType "tourn"]
[EventRounds "11"]
[EventCountry "BOL"]
[SourceTitle "CBM 172 Extra"]
[Source "ChessBase"]
[SourceDate "2016.06.21"]
[SourceVersion "1"]
[SourceVersionDate "2016.06.21"]
[SourceQuality "1"]

1. e4 e5 2. Nc3 Nf6 3. f4 exf4 4. Bc4 Nc6 5. d3 Bc5 6. Bxf4 d6 7. Nf3 Nd4 8. Nxd4 Bxd4 9. h3 0-0 10. Qf3 Qe7 11. 0-0-0 Bxc3 12. bxc3 Be6 13. Bb3 a5 14. g4 a4 15. Bxe6 Qxe6 16. g5 Nd7 17. h4 Qxa2 18. h5 Qe6 19. Rdg1 a3 20. Qg3 a2 21. Kd2 Ra3 22. g6 Qf6 23. gxh7+ Kxh7 24. d4 Rfa8 25. e5 dxe5 26. dxe5 Nxe5 27. Bxe5 Rd8+ 28. Bd4 c5 29. Qd3+ Kh8 30. Bxf6 Rxd3+ 31. cxd3 gxf6 32. h6 Kh7 33. Rg7+ Kh8 34. h7 a1Q 35. Rg8# 1-0

[Event "BOL-ch (Women)"]
[Site "Sucre"]
[Date "2016.06.11"]
[Round "4"]
[White "Estrada, Lucia"]
[Black "Mendoza, Samantha D"]
[Result "1-0"]
[WhiteElo "1910"]
[BlackElo "1779"]
[PlyCount "109"]
[EventDate "2016.06.09"]
[EventType "tourn"]
[EventRounds "11"]
[EventCountry "BOL"]
[SourceTitle "CBM 172 Extra"]
[Source "ChessBase"]
[SourceDate "2016.06.21"]
[SourceVersion "1"]
[SourceVersionDate "2016.06.21"]
[SourceQuality "1"]

1. d4 Nf6 2. Nf3 e6 3. e3 b6 4. Bd3 Bb7 5. Nbd2 c5 6. 0-0 Be7 7. c3 0-0 8. e4 Ba6 9. Qe2 Bxd3 10. Qxd3 d5 11. e5 Nfd7 12. Re1 Nc6 13. a3 c4 14. Qc2 a5 15. a4 Qb8 16. b3 cxb3 17. Qxb3 Qb7 18. Rb1 Rfc8 19. Ba3 Qa6 20. Re3 Rab8 21. Bxe7 Nxe7 22. Nh4 Rc6 23. Qa3 Nc8 24. Qb3 Rc7 25. f4 Rcb7 26. f5 b5 27. fxe6 Qxe6 28. Nhf3 bxa4 29. Qa2 Qc6 30. Ra1 Ncb6 31. Qc2 Nc4 32. Nxc4 Qxc4 33. Rxa4 Rb1+ 34. Re1 Rxe1+ 35. Nxe1 Qa6 36. Qa2 Qc6 37. Qa1 Rc8 38. Rxa5 Qxc3 39. Qxc3 Rxc3 40. Rxd5 Nf8 41. Rd8 Re3 42. Kf2 Re4 43. Nd3 g6 44. g3 Kg7 45. Kf3 Ne6 46. Kxe4 Nxd8 47. d5 Kf8 48. Nc5 Ke8 49. Kf4 h6 50. h4 Ke7 51. d6+ Ke8 52. Ke4 Kf8 53. Kd5 Ke8 54. g4 Kf8 55. e6 1-0

[Event "BOL-ch (Women)"]
[Site "Sucre"]
[Date "2016.06.11"]
[Round "5"]
[White "Mendoza, Samantha D"]
[Black "Coro, Soledad"]
[Result "1/2-1/2"]
[WhiteElo "1779"]
[BlackElo "1863"]
[PlyCount "22"]
[EventDate "2016.06.09"]
[EventType "tourn"]
[EventRounds "11"]
[EventCountry "BOL"]
[SourceTitle "CBM 172 Extra"]
[Source "ChessBase"]
[SourceDate "2016.06.21"]
[SourceVersion "1"]
[SourceVersionDate "2016.06.21"]
[SourceQuality "1"]

1. e4 c5 2. Nf3 g6 3. Nc3 Bg7 4. Bc4 e6 5. 0-0 Ne7 6. d4 cxd4 7. Nxd4 0-0 8. Ndb5 a6 9. Nd6 Nbc6 10. Be3 b5 11. Be2 f5 1/2-1/2